000 00462nam a2200181Ia 4500
008 230917s9999||||xx |||||||||||||| ||und||
020 _cGBP60
040 _e233981
_aMAIN
041 _aEnglish
082 _a572.865 L342G
100 _aLatchman, David S
245 0 _aGene control
250 _a2nd ed.
260 _aNew York
_bGarland Science
_c2015
300 _axxi, 505 p.
500 _a2396 30/09/2016 RBP16/61956 07/10/2016 Main Budget
942 _cBK
999 _c19283
_d19283